An introduction to Zen Buddhism (Record no. 27270)

MARC details
000 -LEADER
fixed length control field 00456nam a2200181Ia 4500
020 ## - INTERNATIONAL STANDARD BOOK NUMBER
ISBN 0-394-17474-7
050 ## - CALL MARK
Classification number BL 1430 .S83/
100 ## - STATEMENT OF RESPONSIBILITY--MAIN AUTHOR NAME
Personal name Suzuki, Daisetz Teitaro, 1870-1966
245 #3 - TITLE STATEMENT
Title An introduction to Zen Buddhism
260 ## - PUBLICATION, DISTRIBUTION, ETC. (IMPRINT)
Place of publication London, New York
260 ## - PUBLICATION, DISTRIBUTION, ETC. (IMPRINT)
Name of publisher Buddhist Society by Ride
260 ## - PUBLICATION, DISTRIBUTION, ETC. (IMPRINT)
Year of publication 1964
300 ## - PHYSICAL DESCRIPTION
Number of Pages 132 p
650 ## - SUBJECT ADDED ENTRY--TOPICAL TERM
Topical Term Fiction
942 ## - ADDED ENTRY ELEMENTS (KOHA)
Koha item type Books
Holdings
Withdrawn status Lost status Source of classification or shelving scheme Damaged status Not for loan Permanent Location Current Location Date acquired Accession Number Price effective from Koha item type
    Library of Congress Classification     NILE UNIVERSITY OF NIGERIA - MAIN LIBRARY NILE UNIVERSITY OF NIGERIA - MAIN LIBRARY 04/23/2025 0001643 04/23/2025 Books